000
00347nam a2200157Ia 4500
008
210210b xxu||||| |||| 00| 0 eng d
041
_a
eng
082
_a
874/39
100
_a
JOSEPH MUNDASHERI
245
_a
Prabandha deepika
260
_a
_b
-
_c
650
_a
Prabandha
650
_a
deepika
690
_a
Malayalam Criticism
906
_a
002622
999
_c
124592
_d
124592